Cơ học ứng dụng

Na minha lista:
Detalhes bibliográficos
Autor principal: Nguyễn Xuân Lạc (Chủ biên)
Formato: Livro
Tags: Adicionar Tag
Sem tags, seja o primeiro a adicionar uma tag!
Thư viện lưu trữ: Mạng thư viện Đại học Đà Nẵng
LEADER 00585nam a2200205 4500
001 000008353
003 4540
005 20150812140829.0
008 111017s sd
100 0 |a Nguyễn Xuân Lạc  |e Chủ biên 
245 0 0 |a Cơ học ứng dụng  |c Nguyễn Xuân Lạc 
774 |a Nguyễn Xuân Lạc  |d Giáo dục  |d H.  |d 2000  |g Tập 2  |h 135tr  |w 4544 
OWN |a LSP 
999 |a From the UDN01 
TYP |a Monograph 
TYP |a Printed language 
980 |a Mạng thư viện Đại học Đà Nẵng